Ambiente y planificación : (Registro nro. 17887)
[ vista simple ]
| 000 -CABECERA | |
|---|---|
| Campo de control | 00869nam a2200241 a 4500 |
| 005 - FECHA Y HORA DE LA ULTIMA TRANSACCION | |
| Campo de control | 20151127105205.0 |
| 008 - ELEMENTOS DE LONGITUD FIJA—INFORMACION GENERAL | |
| Campo de control | 930914s1992 ck b 000 0 spa |
| 020 ## - ISBN | |
| ISBN | 958920628X |
| 040 ## - FUENTE DE CATALOGACIÓN | |
| Agencia catalogadora original | DLC |
| Agencia transcriptora | DLC |
| Agencia Modificadora | Co-BOIAvH |
| 041 ## - IDIOMA | |
| Código de idioma para texto/pista de sonido o título separado | Español |
| 044 ## - PAÍS DE PUBLICACIÓN | |
| País de publicación | Colombia |
| 082 0# - NUMERO DE CLASIFICACION DECIMAL DEWEY | |
| Número de clasificación | 333.7068 |
| Número del ítem | Q86a |
| 100 1# - ASIENTO PRINCIPAL--NOMBRE PERSONAL | |
| Nombre personal | Quiroz Peralta, César A. |
| 9 (RLIN) | 7365 |
| 245 10 - MENCION DE TITULO | |
| Título | Ambiente y planificación : |
| Parte restante del título | un enfoque para el desarrollo humano hacia el siglo XXI / |
| Mención de responsabilidad | César A. Quiroz Peralta, editor. |
| 250 ## - MENCION DE EDICION | |
| Mención de edición | 1. ed. |
| 260 ## - PUBLICACION, DISTRIBUCION, ETC. (PIE DE IMPRENTA) | |
| Lugar de publicación, distribución, etc. | Santafé de Bogoté, Colombia : |
| Nombre del editor, distribuidor, etc. | SECAB, |
| Fecha de publicación, distribución, etc. | 1992. |
| 300 ## - DESCRIPCION FISICA | |
| Extensión | 210 páginas. ; |
| Dimensiones | 23 cm. |
| 504 ## - NOTA DE BIBLIOGRAFIA, ETC. | |
| Nota de bibliografía | Incluye referencias bibliográficas (páginas 179-210). |
| 650 #0 - ASIENTO SECUNDARIO DE MATERIA - TERMINO TEMATICO | |
| Término temático o nombre geográfico como elemento de entrada | Políticas ambientales |
| Subdivisión geográfica | América Latina |
| 9 (RLIN) | 43461 |
| 650 #0 - ASIENTO SECUNDARIO DE MATERIA - TERMINO TEMATICO | |
| Término temático o nombre geográfico como elemento de entrada | Ciencias ambientales |
| Subdivisión general | Investigación |
| Subdivisión geográfica | América Latina |
| 9 (RLIN) | 43462 |
| 700 2# - ASIENTO SECUNDARIO - NOMBRE PERSONAL | |
| Nombre personal | Quiroz Peralta, César A. |
| 9 (RLIN) | 7365 |
| 942 ## - ELEMENTOS ADICIONALES (KOHA) | |
| Sistema de clasificación | Dewey Decimal Classification |
| Tipo de ítem | Libro |
| Withdrawn status | Lost status | Sistema de Clasificación | Damaged status | No para préstamo | Colección | Inventariado | Ubicación Permanente | Ubicación actual | Fecha de adquisición | Fuente de Valor | Valor | Total Checkouts | Número topográfico | Inventario / Código de Barras | Date last seen | Ejemplar | Price effective from | Forma de adquisición | Tipo de material |
|---|---|---|---|---|---|---|---|---|---|---|---|---|---|---|---|---|---|---|---|
| Dewey Decimal Classification | General | Inventariado 2017 | Bogotá | Bogotá | 27/11/2015 | Instituto | 60000.00 | LB-333.7068 Q86a | 039209 | 27/11/2015 | Ej. 1 | 27/11/2015 | Libro |